Observation of spectral line splitting for parametric X-rays; Physics Letters A; Vol. 120, iss. 9

Detaylı Bibliyografya
Parent link:Physics Letters A: Scientific Journal
Vol. 120, iss. 9.— 1987.— [P. 486–488]
Diğer Yazarlar: Adishchev Yu. N. Yuri Nikolaevich, Pleshkov G. A., Potylitsyn A. P. Alexander Petrovich, Uglov S. R. Sergey Romanovich, Vorobiev S. A. Sergey Aleksandrovich
Özet:Title screen
The spectral distribution and energy dependence of the yield of parametric X-rays for 200 to 900 MeV electrons transmitted through a silicon crystal have been measured. The measurements were performed in the Bragg geometry at an angle θ = 19° to the electron beam direction. The effect of spectral line splitting for parametric X-rays was observed.
Режим доступа: по договору с организацией-держателем ресурса
Dil:İngilizce
Baskı/Yayın Bilgisi: 1987
Konular:
Online Erişim:http://dx.doi.org/10.1016/0375-9601(87)90117-4
Materyal Türü: MixedMaterials Elektronik Kitap Bölümü
KOHA link:https://koha.lib.tpu.ru/cgi-bin/koha/opac-detail.pl?biblionumber=644975

MARC

LEADER 00000nla0a2200000 4500
001 644975
005 20250318164042.0
035 |a (RuTPU)RU\TPU\network\10059 
035 |a RU\TPU\network\6493 
090 |a 644975 
100 |a 20151207d1987 k||y0rusy50 ba 
101 0 |a eng 
102 |a US 
135 |a drcn ---uucaa 
181 0 |a i  
182 0 |a b 
200 1 |a Observation of spectral line splitting for parametric X-rays  |f Yu. N. Adishchev [et al.] 
203 |a Text  |c electronic 
300 |a Title screen 
330 |a The spectral distribution and energy dependence of the yield of parametric X-rays for 200 to 900 MeV electrons transmitted through a silicon crystal have been measured. The measurements were performed in the Bragg geometry at an angle θ = 19° to the electron beam direction. The effect of spectral line splitting for parametric X-rays was observed. 
333 |a Режим доступа: по договору с организацией-держателем ресурса 
461 |t Physics Letters A  |o Scientific Journal 
463 |t Vol. 120, iss. 9  |v [P. 486–488]  |d 1987 
610 1 |a электронный ресурс 
610 1 |a труды учёных ТПУ 
701 1 |a Adishchev  |b Yu. N.  |c physicist  |c Professor of Tomsk Polytechnic University, Doctor of physical and mathematical sciences  |f 1946-  |g Yuri Nikolaevich  |3 (RuTPU)RU\TPU\pers\31869 
701 1 |a Pleshkov  |b G. A. 
701 1 |a Potylitsyn  |b A. P.  |c Russian physicist  |c Professor of the TPU  |f 1945-  |g Alexander Petrovich  |3 (RuTPU)RU\TPU\pers\26306  |9 12068 
701 1 |a Uglov  |b S. R.  |c physicist  |c Leading Researcher of Tomsk Polytechnic University, Candidate of Physical and Mathematical Sciences  |f 1958-  |g Sergey Romanovich  |3 (RuTPU)RU\TPU\pers\31533  |9 15694 
701 1 |a Vorobiev  |b S. A.  |c physicist  |c Senior researcher of Tomsk Polytechnic University  |f 1944-1992  |g Sergey Aleksandrovich  |3 (RuTPU)RU\TPU\pers\31867 
801 2 |a RU  |b 63413507  |c 20151208  |g RCR 
856 4 |u http://dx.doi.org/10.1016/0375-9601(87)90117-4 
942 |c CF